书目信息 |
| 题名: |
MATLAB电子仿真与应用教程
|
|
| 作者: | 刘有军 , 刘建存 , 王华 编著 | |
| 分册: | ||
| 出版信息: | 北京 国防工业出版社 2007.04 |
|
| 页数: | 446页 | |
| 开本: | 26cm | |
| 丛书名: | ||
| 单 册: | ||
| 中图分类: | TP391.9 | |
| 科图分类: | ||
| 主题词: | 计算机仿真--ji suan ji fang zhen--计算机机辅助计算--软件包 | |
| 电子资源: | ||
| ISBN: | 978-7-118-05048-6 | |
| 000 | 00934nam0 2200253 450 | |
| 001 | 012007716660 | |
| 005 | 20070930162353.10 | |
| 010 | @a978-7-118-05048-6@dCNY40.00 | |
| 100 | @a20070804d2007 km y0chiy0120 ea | |
| 101 | 0 | @achi |
| 102 | @aCN@b110000 | |
| 105 | @aa z 000yy | |
| 200 | 1 | @aMATLAB电子仿真与应用教程@AMATLAB dian zi fang zhen yu ying yong jiao cheng@f王华, 刘有军, 刘建存编著@Fwang hua,liu you jun,liu jian cun bian zhu |
| 205 | @a第2版 | |
| 210 | @a北京@c国防工业出版社@d2007.04 | |
| 215 | @a446页@c图@d26cm | |
| 330 | @a本书共分为4个部分,第1部分为基础篇,包括第1章和第2章,主要介绍了MATLAB的安装及其界面环境,以及MATLAB中常用的数学方法。 | |
| 606 | 0 | @a计算机仿真@Aji suan ji fang zhen@x计算机机辅助计算@x软件包 |
| 690 | @aTP391.9@v4 | |
| 701 | 0 | @a刘有军@Aliu you jun@4编著 |
| 701 | 0 | @a刘建存@Aliu jian cun@4编著 |
| 701 | 0 | @a王华@Awang hua@4编著 |
| 801 | 0 | @aCN@c20070930 |
| 905 | @dTP391.9@eW210 | |
| MATLAB电子仿真与应用教程/王华, 刘有军, 刘建存编著.-第2版.-北京:国防工业出版社,2007.04 |
| 446页:图;26cm |
| ISBN 978-7-118-05048-6:CNY40.00 |
| 本书共分为4个部分,第1部分为基础篇,包括第1章和第2章,主要介绍了MATLAB的安装及其界面环境,以及MATLAB中常用的数学方法。 |
| ● |
| 相关链接 |
|
|
|
正题名:MATLAB电子仿真与应用教程
索取号:TP391.9/W210
 
预约/预借
| 序号 | 登录号 | 条形码 | 馆藏地/架位号 | 状态 | 备注 |
| 1 | 255935 | 202559356 | 自科库301/301自科库 113排2列5层/ [索取号:TP391.9/W210] | 在馆 | |
| 2 | 255936 | 202559365 | 自科库301/301自科库 113排2列5层/ [索取号:TP391.9/W210] | 在馆 | |
| 3 | 255937 | 202559374 | 自科二线400A/400A自科库 6排3列3层/ [索取号:TP391.9/W210] | 在馆 |